Statistics for Countries Closest to Germany

Click here to take the quiz!

General Stats

  • This quiz has been taken 4,581 times
    (1,771 since last reset)
  • The average score is 18 of 20

Answer Stats

kmcountrymiles% Correct
0Poland0
99%
0France0
99%
0Denmark0
98%
0Austria0
98%
0Belgium0
97%
0Netherlands0
97%
0Switzerland0
97%
0Czechia0
96%
45Italy28
95%
0Luxembourg0
93%
72Sweden45
93%
295United Kingdom184
92%
224Slovakia139
90%
327Norway203
90%
118Slovenia73
89%
221Hungary137
89%
33Liechtenstein20
87%
222Croatia138
83%
357Russia222
72%
331Bosnia and
Herzegovina
205
69%

Score Distribution

Percentile by Number Answered

Percent of People with Each Score

Your Score History

You have not taken this quiz since the last reset